000 00752nam a2200217 a 4500
001 000024567
005 20200930023237.0
008 110131s1973 sp r 001 0 spa d
020 _a8471121301
040 _aDO-SdBNP
_bspa
_cBNPHU
082 _axxxxx
_bS557s
100 1 _aShipman, M. D.
_950373
245 1 0 _aSociología escolar /
_cM. D. Shipman ; traducción Gonzalo Gonzalvo Mainar.
260 _aMadrid :
_bMorata,
_c1973.
300 _a244 p. ;
_c21 cm.
500 _aIncluye índice alfabético.
504 _aIncluye referencias bibliográficas y notas al pie de las páginas.
534 _pTítulo original de la obra:
_tSociology of the school.
_cLongman Group, 1968
700 1 _aGonzalvo Mainar, Gonzalo,
_etr.
_950374
049 _aBNGR
999 _c24060
_d24060